ბათუმის შოთა რუსთაველის სახელმწიფო უნივერსიტეტის ბიბლიოთეკა

Математический анализ. Интегральное исчисление (ბიბ.ჩანაწერი № 48223)

000 -LEADER
fixed length control field 00503nam a2200145Ia 4500
001 - CONTROL NUMBER
control field 15107
003 - CONTROL NUMBER IDENTIFIER
control field GE_BSU
008 - FIXED-LENGTH DATA ELEMENTS--GENERAL INFORMATION
fixed length control field 181216s||||||||xx |||||||||||||| ||und||
040 ## - CATALOGING SOURCE
Transcribing agency GE_BSU
100 ## - MAIN ENTRY--PERSONAL NAME
Personal name Виленкин, Н.Я. Мордкович,А.Г. Куницкая,Е.С.
245 ## - TITLE STATEMENT
Title Математический анализ. Интегральное исчисление
653 ## - INDEX TERM--UNCONTROLLED
Uncontrolled term Интегральное исчисление
653 ## - INDEX TERM--UNCONTROLLED
Uncontrolled term Математический анализ
942 ## - ADDED ENTRY ELEMENTS (KOHA)
Koha item type წიგნი

არაა ხელმისაწვდომი ეგზემპლარები.